00788nam a2200241 a 4500001001000000003000400010005001700014008004100031040002500072082002600097100003700123245003100160250001200191260004200203300002100245590002800266650002700294650003100321910004100352942001400393952012400407999001500531000010000OSt20260321073639.0091002s1998 dr 000 f spa d aDO-SdBNPbspacBNPHU aRD863.44bB742m, 19981 a Bosch, Juan, d1909-200197655513aLa mañosa /cJuan Bosch. a25a ed. aSanto Domingo :bAlfa & Omega,c1998. a220 p. :b21 cm. aInventariado, 2020 / DG 0aNovela dominicana9223 0aLiteratura dominicana.967 aValidado. Control de calidad MMOLINA 2ddccLBS1 0010718PDaPDbPDcHDd2009-10-02iLF1l0oRD863.44 B742m, 1998p10000-10r2020-06-25w2020-06-25yLFPDZNo se presta c9759d9759